Sports Quiz

Random Sports or Baseball Quiz

MLB - Steady Sluggers (1900-2018) Quiz Stats

 Plays Quiz not verified by Sporcle

Challenge
Share
Tweet
Embed
Score 0/70 Timer 15:00
0 Plays Today
15-30 Home Run Seasons (Years Played) Player Name % Correct
16 (1953-74)Al Kaline
92.1%
12 (1988-07)Craig Biggio
88.4%
10 (1973-93)George Brett
87.9%
9 (1995-14)Derek Jeter
87.9%
10 (1991-06)Bernie Williams
84.7%
13 (1946-65)Yogi Berra
83.7%
9 (1955-77)Brooks Robinson
81.9%
7 (1942-57)Eddie Robinson
81.9%
11 (1995-11)Jorge Posada
79.1%
8 (1974-93)Robin Yount
78.1%
16 (1980-01)Harold Baines
77.7%
12 (1981-99)Chili Davis
76.3%
7 (1984-92)Alvin Davis
76.3%
12 (1985-01)Paul O'Neill
74.9%
8 (1979-03)Rickey Henderson
74.4%
7 (1981-94)Dave Henderson
74.4%
12 (1971-87)Ron Cey
69.3%
8 (1977-95)Lou Whitaker
68.8%
12 (2005-18)Brian McCann
67.4%
8 (2002-18)Brandon Phillips
66.5%
7 (1955-72)Roberto Clemente
65.6%
10 (1937-51)Bobby Doerr
64.2%
9 (1963-85)Rusty Staub
62.3%
8 (1972-86)Cliff Johnson
62.3%
7 (1947-61)Willie Jones
61.4%
12 (1986-06)Ruben Sierra
60%
9 (1989-05)John Olerud
58.1%
8 (1963-84)Joe Morgan
57.7%
7 (1995-10)Mike Sweeney
57.2%
8 (2007-18)Hunter Pence
56.3%
7 (2011-18)Kyle Seager
55.6%
8 (1968-88)Ted Simmons
54.9%
10 (1973-87)Doug DeCinces
54%
8 (1980-96)Tim Wallach
54%
8 (1979-95)Kirk Gibson
53.5%
15-30 Home Run Seasons (Years Played) Player Name % Correct
10 (1958-75)Vada Pinson
52.6%
9 (1990-02)Travis Fryman
52.1%
8 (1975-90)Chet Lemon
50.2%
9 (1968-86)Dusty Baker
49.8%
7 (1995-12)Johnny Damon
49.8%
8 (1969-83)Gene Tenace
48.8%
7 (1961-76)Bill Freehan
48.4%
8 (1983-94)Kevin McReynolds
47.9%
8 (1973-92)Brian Downing
46%
8 (1946-60)Carl Furillo
45.6%
8 (1956-69)Bill White
45.1%
7 (1950-64)Gus Bell
44.2%
11 (1971-88)George Hendrick
39.1%
7 (1989-05)Marquis Grissom
37.7%
7 (2004-15)Alex Rios
35.8%
9 (1971-83)Richie Zisk
35.3%
7 (1986-98)Pete Incaviglia
34%
7 (2003-17)Jhonny Peralta
33.5%
7 (2010-18)Mitch Moreland
33.3%
8 (1954-67)Bill Skowron
32.6%
8 (1972-87)Gary Matthews
32.6%
7 (2009-18)Colby Rasmus
32.6%
7 (1992-08)J.T. Snow
30.2%
7 (1968-85)Richie Hebner
29.3%
8 (1949-66)Del Crandall
27.9%
7 (1992-06)Brian Jordan
27%
8 (1999-11)Casey Blake
26%
7 (1989-01)Glenallen Hill
26%
9 (1992-07)Jose Valentin
25.6%
7 (1986-00)Mike Stanley
22.8%
7 (1999-08)Kevin Millar
22.3%
7 (1938-51)Sam Chapman
6.5%
8 (1954-69)Woodie Held
6%
7 (1936-49)Jeff Heath
5.1%
7 (2005-18)Shin-Soo Choo
0%

You're not logged in!

Compare scores with friends on all Sporcle quizzes.
Join for Free
OR
Log In

You Might Also Like...

Show Comments

Extras

Top Quizzes Today


Score Distribution

Your Account Isn't Verified!

In order to create a playlist on Sporcle, you need to verify the email address you used during registration. Go to your Sporcle Settings to finish the process.

Report this User

Report this user for behavior that violates our Community Guidelines.

Details: